Datum a čas kvízu
27
Celkem bodů
Celkový počet nahraných bodů na tomto kvízu bez doplňovacích otázek.
4.
Pořadí na kvízu
Konečné umístění týmu na tomto kvízu.
Zaznamenané odpovědi
| # | Otázka | Odpověď | Body | Výsledky |
|---|---|---|---|---|
| 1. | Smutné 70. výročí justiční vra... | O2 | 0 | |
| 2. | Některým občanským aktivistům... | Imagine | 0 | |
| 3. | Francouzská policie zadržela v... | Banksy | 1 | |
| 4. | Minulý týden byl oznámen konec... | Segway | 1 | |
| 5. | Kolikátý titul mistrů Českoslo... | 20. titul | 0 | |
| 6. | Toto téma jste si vybrali na n... | Kmeny | 0 | |
| 7. | Co je primárně typické pro ski... | B | 1 | |
| 8. | Spisovatel Eduard Bass napsal... | Cirkus Humberto | 0 | |
| 9. | V lidském společenství najdeme... | ektomorf, endomorf, mezomorf | 1 | |
| 10. | Poměrně specifickým fenoménem... | K-pop | 1 |